000 00442cam a2200181ua 4500
020 _c1.50
041 _amal
_h
082 _a894.81209
_bJOS/AN
100 _aJoseph, Mundassery .
245 _aAnthareeksham /
_cJoseph Mundassery.
_hTextual Documents
250 _a4 /
_b.
260 _aThrissur :
_bThe Mangalodayam Pvt Ltd ,
_c1961.
300 _a108 ; .
365 _a1.50
504 _a
942 _cBK
999 _c6666
_d6666